| 000 | 00692nam a2200205 a 4500 | ||
|---|---|---|---|
| 001 | 000043258 | ||
| 005 | 20250925082330.0 | ||
| 008 | 140303s2008 dr abc 000 0 spa d | ||
| 040 |
_aDO-SdBNP _bspa _cBNPHU |
||
| 082 |
_a327.17 _bO65i |
||
| 110 | 2 |
_aOrdenador Nacional para los Fondos Europeos de Desarrollo (ONFED) _970865 |
|
| 245 | 1 | 0 | _aInforme 2007. |
| 260 |
_a[Santo Domingo] : _bONFED, _c2008. |
||
| 300 |
_a157 p. : _bil., mapas, retrs. ; _c29 cm. |
||
| 590 | _aInventariado, 2018/BT | ||
| 650 | 4 |
_aCooperación intergubernamental _xInformes _970866 |
|
| 650 | 0 |
_aCooperación internacional _91240 |
|
| 650 | 0 |
_aCrisis económica _99159 |
|
| 910 | _aValidado. Control de calidad. EMS | ||
| 999 |
_c42747 _d42747 |
||